Грамматика разговорного английского языка (с упражнениями): учебное пособие

Dades bibliogràfiques
Autor principal: Бузаров В. В. Владимир Васильевич
Sumari:Учебное пособие содержит подробное описание грамматических особенностей английской разговорной (диалогической) речи. В нем уделяется значительное внимание различным структурно-коммуникативным типам предложений и отдельным частям речи, реально функционирующим в сфере повседневного бытового общения. Дается также описание экспрессивных средств английской разговорной речи; проводится дифференциация в области грамматики между британским и американским вариантами английского языка. Каждое языковое явление сопровождается серией упражнений, построенных исключительно на образцах диалогической речи, представленной в современной художественной литературе, а также в радиопередачах Англии и США.
Idioma:rus
anglès
Publicat: Москва, Академия, 2003
Col·lecció:Высшее образование
Matèries:
Format: MixedMaterials Llibre
KOHA link:https://koha.lib.tpu.ru/cgi-bin/koha/opac-detail.pl?biblionumber=101812

MARC

LEADER 00000nam0a2200000 4500
001 101812
005 20231031112744.0
010 |a 5769505362 
035 |a (RuTPU)RU\TPU\book\109791 
090 |a 101812 
100 |a 20060918d2003 m y0rusy50 ca 
101 0 |a rus  |a eng 
102 |a RU 
105 |a y j 001zy 
200 1 |a Грамматика разговорного английского языка (с упражнениями)  |e учебное пособие  |f В. В. Бузаров 
210 |a Москва  |c Академия  |d 2003 
215 |a 413 с. 
225 1 |a Высшее образование 
320 |a Библиогр.: с. 403-409. 
330 |a Учебное пособие содержит подробное описание грамматических особенностей английской разговорной (диалогической) речи. В нем уделяется значительное внимание различным структурно-коммуникативным типам предложений и отдельным частям речи, реально функционирующим в сфере повседневного бытового общения. Дается также описание экспрессивных средств английской разговорной речи; проводится дифференциация в области грамматики между британским и американским вариантами английского языка. Каждое языковое явление сопровождается серией упражнений, построенных исключительно на образцах диалогической речи, представленной в современной художественной литературе, а также в радиопередачах Англии и США. 
610 1 |a английский язык 
610 1 |a грамматика 
610 1 |a разговорная речь 
610 1 |a упражнения 
610 1 |a диалогическая речь 
610 1 |a предложения 
610 1 |a части речи 
610 1 |a бытовое общение 
610 1 |a британский вариант 
610 1 |a американский вариант 
610 1 |a дифференциация 
610 1 |a учебные пособия 
686 |a Ш143.21-923.2  |v LBC/SL-A  |2 rubbk 
700 1 |a Бузаров  |b В. В.  |g Владимир Васильевич 
801 1 |a RU  |b 63413507  |c 20060918  |g PSBO 
801 2 |a RU  |b 63413507  |c 20121112  |g PSBO 
942 |c BK 
959 |a 12/20060214  |d 1  |e 0  |f ЧЗИЛ:1